000 00257nam a22001217a 4500
008 170824b xxu||||| |||| 00| 0 eng d
041 _aeng
080 _25TH
_a51
100 _a38
101 _aMAT
245 _aPRECALCULUS
_cROKSWOLD,G.K
942 _2udc
_cBK
999 _c24933
_d24933